| 000 | 01885cam a2200433Ii 4500 | ||
|---|---|---|---|
| 001 | ocn941876166 | ||
| 003 | TZ-ArACH | ||
| 005 | 20240205102747.0 | ||
| 008 | 160229t20162014enka b 001 0 eng d | ||
| 015 |
_aGBB662593 _2bnb |
||
| 016 | 7 |
_a017836056 _2Uk |
|
| 020 | _a1138671711 | ||
| 020 | _a9781138671713 | ||
| 035 | _a(OCoLC)941876166 | ||
| 040 |
_aYDXCP _beng _cTZ-ArACH |
||
| 049 | _aTZAA | ||
| 050 | 1 | 4 |
_aK3247 _b.T63 2016 |
| 100 | 1 |
_aTobin, Brendan, _eauthor. |
|
| 245 | 1 | 0 |
_aIndigenous peoples, customary law and human rights : _bwhy living law matters / _cBrendan Tobin. |
| 260 |
_aLondon ; $a New York : _aRoutledge, _bTaylor & Francis Group, _c 2016. |
||
| 300 |
_axxii, 303 pages : _billustration ; _c24 cm. |
||
| 490 | 1 | _aRoutledge studies in law and sustainable development series | |
| 500 | _aIncludes table of cases. | ||
| 504 | _aIncludes bibliographical references (pages 261-289) and index. | ||
| 505 | 0 | _aCustomary law in context -- Self-determination in practice -- Where custom is the law -- In search of the living law -- Ancestral rights recovered : lands and traditional territories -- Natural resources or essences of life? -- Right to culture and cultural heritage -- Traditional knowledge -- Intercultural equity and justice. | |
| 650 | 0 |
_aIndigenous peoples _xLegal status, laws, etc. |
|
| 650 | 0 | _aCustomary law. | |
| 650 | 0 |
_aIndigenous peoples _xCivil rights. _94571 |
|
| 650 | 0 | _aHuman rights. | |
| 650 | 2 | _aHuman Rights | |
| 650 | 6 |
_aAutochtones _xDroits. _912148 |
|
| 650 | 6 | _aDroits de l'homme (Droit international) | |
| 650 | 7 |
_aEthnological jurisprudence. _2bcl |
|
| 650 | 7 |
_aCustomary law. _2fast |
|
| 650 | 7 |
_aIndigenous peoples _xCivil rights. _2fast _94571 |
|
| 650 | 7 |
_aIndigenous peoples _xLegal status, laws, etc. _2fast |
|
| 830 | 0 | _aRoutledge studies in law and sustainable development series. | |
| 942 |
_2lcc _cBOOK |
||
| 999 |
_c7159 _d7159 |
||